[Event "IECC M1-2013.T009"]
[Site "IECC email"]
[Date "2013.02.01"]
[Round "?"]
[White "Lunt, Alyn"]
[Black "Ros Bernal, Antonio"]
[Result "0-1"]
[WhiteElo "1018"]
[BlackElo "1100"]
[PlyCount "44"]
[EventDate "2013.??.??"]
[EventType "match (corr)"]
[EventRounds "2"]
[SourceTitle "Telechess CBM 165"]
[Source "ChessBase"]
[SourceDate "2015.03.11"]
[SourceVersion "1"]
[SourceVersionDate "2015.03.11"]
[SourceQuality "1"]
[WhiteTeam "Canada"]
[BlackTeam "Spain"]
[WhiteTeamCountry "CAN"]
[BlackTeamCountry "ESP"]

1. e4 e5 2. Bc4 Nc6 3. Qf3 Nf6 4. Nh3 d6 5. d3 Bg4 6. Qg3 h6 7. Nc3 Nd4 8. 0-0 a6 9. Nd5 Ne2+ 10. Kh1 Nxg3+ 11. fxg3 Nxd5 12. Bxd5 Be6 13. Bxb7 Ra7 14. Bc6+ Bd7 15. Bd5 f5 16. b4 c6 17. Bc4 fxe4 18. dxe4 d5 19. Be2 Bxb4 20. Nf2 0-0 21. Ng4 Rxf1+ 22. Bxf1 Bxg4 0-1